[Event "Lomza Weekend op 4th"]
[Site "Lomza"]
[Date "2013.01.06"]
[Round "4.3"]
[White "Prazych, Tadeusz"]
[Black "Wojtczak, Miroslaw"]
[Result "1-0"]
[WhiteElo "1556"]
[BlackElo "1593"]
[PlyCount "51"]
[EventDate "2013.01.05"]
[EventType "swiss"]
[EventRounds "5"]
[EventCountry "POL"]
[SourceTitle "EXT 2023"]
[Source "ChessBase"]
[SourceDate "2022.10.05"]
[SourceVersion "1"]
[SourceVersionDate "2022.10.05"]
[SourceQuality "1"]

1. e4 c6 2. d4 d5 3. Nc3 g6 4. Bf4 Bg7 5. Qd2 dxe4 6. Nxe4 Qxd4 7. Qxd4 Bxd4 8. 0-0-0 Bb6 9. Bc4 Bf5 10. Ng5 Nh6 11. f3 0-0 12. g4 Bc8 13. h4 Kg7 14. h5 f6 15. Nxh7 Rh8 16. hxg6 Ng8 17. Bf7 Nd7 18. Ne2 Ne5 19. Bxe5 fxe5 20. Ng3 Nf6 21. Nxf6 exf6 22. Rxh8 Kxh8 23. Rh1+ Kg7 24. Rh7+ Kf8 25. Rh8+ Kg7 26. Nh5+ 1-0

[Event "Memorial Henryk Jakubowski"]
[Site "Lomza"]
[Date "2011.01.08"]
[Round "2.3"]
[White "Kopaczewski, Zbigniew"]
[Black "Prazych, Tadeusz"]
[Result "0-1"]
[WhiteElo "1715"]
[BlackElo "1590"]
[PlyCount "114"]
[EventDate "2011.01.08"]
[EventType "swiss"]
[EventRounds "5"]
[EventCountry "POL"]
[SourceTitle "EXT 2023"]
[Source "ChessBase"]
[SourceDate "2022.10.05"]
[SourceVersion "1"]
[SourceVersionDate "2022.10.05"]
[SourceQuality "1"]

1. e3 e5 2. a3 d5 3. d4 Nc6 4. dxe5 Nxe5 5. Nf3 Bg4 6. Be2 Nxf3+ 7. Bxf3 Bxf3 8. Qxf3 Nf6 9. 0-0 Bd6 10. Rd1 0-0 11. b4 Be5 12. Ra2 Qe7 13. Bb2 Rad8 14. c3 Ne4 15. Qe2 f5 16. f3 Ng5 17. Bc1 Ne6 18. Rad2 c6 19. f4 Bc7 20. Bb2 Rfe8 21. Re1 Bb6 22. Kh1 Nf8 23. Rd3 Rd6 24. Nd2 Re6 25. Nf1 Nd7 26. Qf3 Nf6 27. Bc1 Ne4 28. Re2 Nd6 29. a4 a6 30. g4 fxg4 31. Qxg4 Rg6 32. Qf3 Nf5 33. Ng3 Nxg3+ 34. hxg3 Qe4 35. Qxe4 Rxe4 36. Kg2 h5 37. Kf3 Rg4 38. Rh2 g6 39. Rc2 Rc4 40. Re2 Re4 41. Rc2 Rc4 42. Ra2 Kf7 43. b5 g5 44. bxa6 bxa6 45. Rb2 Bc5 46. Rb7+ Kg6 47. a5 gxf4 48. exf4 Re4 49. Rc7 Re6 50. Rc8 Kg7 51. Ra8 Re1 52. Bd2 Rf1+ 53. Ke2 Rf2+ 54. Kd1 Rg2 55. Rxa6 R4xg3 56. Rxg3+ Rxg3 57. Rxc6 Bf2 0-1

[Event "Memorial Henryk Jakubowski"]
[Site "Lomza"]
[Date "2011.01.08"]
[Round "3.3"]
[White "Prazych, Tadeusz"]
[Black "Szwajkowski, Patryk"]
[Result "0-1"]
[WhiteElo "1590"]
[BlackElo "1542"]
[PlyCount "58"]
[EventDate "2011.01.08"]
[EventType "swiss"]
[EventRounds "5"]
[EventCountry "POL"]
[SourceTitle "EXT 2023"]
[Source "ChessBase"]
[SourceDate "2022.10.05"]
[SourceVersion "1"]
[SourceVersionDate "2022.10.05"]
[SourceQuality "1"]

1. e4 c5 2. Nf3 d6 3. d4 cxd4 4. Nxd4 Nf6 5. Nc3 g6 6. Bg5 Bg7 7. Qd2 Nc6 8. Nb3 0-0 9. Bh6 Ng4 10. Bxg7 Kxg7 11. 0-0-0 Qb6 12. Nd5 Qxf2 13. Qc3+ Nce5 14. h3 Nf6 15. Nxf6 Qxf6 16. Be2 Qg5+ 17. Nd2 Qxg2 18. Bf3 Qf2 19. Rhf1 Qb6 20. Nc4 Qc5 21. Be2 Be6 22. b3 b5 23. b4 Qc7 24. Rd5 Bxd5 25. exd5 bxc4 26. h4 a5 27. h5 axb4 28. Qh3 Qa5 29. hxg6 Qa3+ 0-1

[Event "Zlota Wieza op 49th"]
[Site "Gniezno"]
[Date "2007.05.21"]
[Round "3"]
[White "Lis, Marek"]
[Black "Prazych, Tadeusz"]
[Result "1-0"]
[WhiteElo "1968"]
[BlackElo "1800"]
[PlyCount "69"]
[EventDate "2007.05.20"]
[EventType "swiss"]
[EventRounds "9"]
[EventCountry "POL"]
[SourceTitle "EXT 2011"]
[Source "ChessBase"]
[SourceDate "2010.11.26"]
[SourceVersion "1"]
[SourceVersionDate "2010.11.26"]
[SourceQuality "1"]

1. e4 e5 2. Nc3 Nf6 3. g3 d6 4. Bg2 Nc6 5. Nge2 Be7 6. 0-0 0-0 7. d3 Be6 8. f4 exf4 9. gxf4 Bg4 10. h3 Bh5 11. Qe1 Nd7 12. Ng3 Bh4 13. Qe3 Bxg3 14. Qxg3 f6 15. Bf3 Bxf3 16. Rxf3 f5 17. Be3 Rf6 18. Kh2 Nb4 19. Qf2 c6 20. a3 Na6 21. Rg1 Nf8 22. Bd4 Rf7 23. exf5 c5 24. Be3 Rxf5 25. Ne4 b6 26. Ng3 Rf7 27. f5 Nd7 28. Bf4 Nf6 29. Ne4 d5 30. Ng5 Re7 31. Ne6 Qd7 32. Qh4 Rae8 33. Qxf6 Rxe6 34. fxe6 Rxe6 35. Rxg7+ 1-0